Politiques Français Par Images #2 - Statistiques

Statistiques générales
  • Ce quiz a été pris 833 fois
  • Le résultat moyen est 16 sur 20
Statistiques - réponses
Par images Réponse % Correct
Gabriel Attal
97%
Jacques Chirac
96%
Elisabeth Borne
95%
Gérald Darmanin
93%
Manuel Valls
91%
Jean Castex
90%
Georges Pompidou
86%
Valéry Giscard d'Estaing
86%
François Fillon
84%
Louis Boyard
82%
Ségolène Royal
81%
Édouard Philippe
80%
Christiane Taubira
79%
Bruno Le Maire
76%
Lionel Jospin
70%
Olivier Véran
67%
Pap Ndiaye
59%
Florian Philippot
56%
Bernard Cazeneuve
54%
Jean-Michel Blanquer
50%
Aucun quiz correspondant
Distribution des résultats
% des personnes avec chaque résultat
Percentile par nombre de réponses
Votre historique - résultats
Vous n’avez pas pris ce quiz